ロード中...

Tourism : critical concepts in the social sciences

書誌詳細
第一著者: Williams, Stephen (ed.)
フォーマット: Printed Book
言語:Undetermined
出版事項: London ; | New York : Routledge, 2004
LEADER 00502nam a2200133Ia 4500
008 141017s9999 xx 000 0 und d
020 |a 9.78042E+12 
082 |a 338.4791 TOU,V3 
100 |a Williams, Stephen (ed.) 
245 |a Tourism : critical concepts in the social sciences 
260 |b Routledge,  |a London ; | New York :  |c 2004 
300 |a 383p. 4 v. : 
999 |c 113332  |d 113332 
952 |0 0  |1 0  |4 0  |6 338_479100000000000_TOUV3  |7 0  |9 110070  |a STS  |b STS  |d 2014-04-03  |l 0  |o 338.4791 TOU,V3  |p STS993  |r 2014-10-17  |w 2014-10-17  |y BK